Central Library OPAC University of Rajshahi

কবি জয়দেব ও শ্রীগীতগোবিন্দ / (Record no. 38913)

MARC details
000 -LEADER
fixed length control field 00986nam a2200241 a 4500
001 - CONTROL NUMBER
control field 38913
003 - CONTROL NUMBER IDENTIFIER
rucl marc code BD-RjUL
005 - DATE AND TIME OF LATEST TRANSACTION
control field 20211209052901.0
008 - FIXED-LENGTH DATA ELEMENTS--GENERAL INFORMATION
fixed length control field 161019s1955 ii ||||| |||| 00| 0 ben d
020 ## - INTERNATIONAL STANDARD BOOK NUMBER
Terms of availability : IRs 40.00
035 ## - SYSTEM CONTROL NUMBER
System control number (BD-RjUL)39023
040 ## - CATALOGING SOURCE
Original cataloging agency BD-RjUL
Language of cataloging ben
Transcribing agency BD-RjUL
041 ## - LANGUAGE CODE
Language code of text/sound track or separate title ben
082 ## - DEWEY DECIMAL CLASSIFICATION NUMBER
Edition number 23
Classification number 891.2109
Author mark and year MUK 1955
100 ## - MAIN ENTRY--PERSONAL NAME
Personal name মুখোপাধ্যায়, হরেকৃষ্ণ
9 (RLIN) 120058
245 10 - TITLE STATEMENT
Title কবি জয়দেব ও শ্রীগীতগোবিন্দ /
Statement of responsibility, etc. হরেকৃষ্ণ মুখোপাধ্যায়
250 ## - EDITION STATEMENT
Edition statement ৩য় সং.
260 ## - PUBLICATION, DISTRIBUTION, ETC. (IMPRINT)
Place of publication, distribution, etc. কলিকাতা :
Name of publisher, distributor, etc. দে;জ পাবলিশিং,
Date of publication, distribution, etc. ১৯৫৫ [১৩৬২]
300 ## - PHYSICAL DESCRIPTION
Pagination ৩৪১ পৃ. ;
Size ২২ সে.মি.
650 ## - SUBJECT ADDED ENTRY--TOPICAL TERM
Topical term or geographic name as entry element সংস্কৃত কবিতা
9 (RLIN) 120059
General subdivision ইতিহাস ও সমালোচনা
Topical term or geographic name as entry element Sanskrite Poetry
9 (RLIN) 120060
General subdivision Histroy & Criticism
942 ## - ADDED ENTRY ELEMENTS (KOHA)
Source of classification or shelving scheme Dewey Decimal Classification
Koha item type Books
Holdings
Lost status Source of classification or shelving scheme Damaged status Not for loan Collection code Permanent Location Current Location Shelving location Date acquired Source of acquisition Cost, normal purchase price Total Checkouts Full call number Date last seen Copy number Koha item type Date checked out
  Dewey Decimal Classification     Non-fiction Central Library, University of Rajshahi Central Library, University of Rajshahi   22/04/1989 Karim Enterprice 40.00   B 891.2109 MUK 1955 19/10/2016 C-2 Books  
  Dewey Decimal Classification     Non-fiction Central Library, University of Rajshahi Central Library, University of Rajshahi   15/08/1962 Rajshahi orient library 5.31   B 891.2109 MUK 1955 14/11/2016 C-3 Books  
  Dewey Decimal Classification     Non-fiction Central Library, University of Rajshahi Central Library, University of Rajshahi   10/10/1959 Warsi book centre. 5.00 2 B 891.2109 MUK 1955 18/05/2025 C-4 Books 11/02/2025
  Dewey Decimal Classification   Not For Loan Non-fiction Central Library, University of Rajshahi Central Library, University of Rajshahi Reading Room 04/07/1973 Uttorbango Library 13.00   B 891.2109 MUK 1955 10/10/2021 C-1 Books